|
|
|
|
| LEADER |
01107nam a2200313 a 4500 |
| 001 |
27746 |
| 003 |
BD-DhAAL |
| 005 |
20150208120350.0 |
| 008 |
131114r20111998nyu b 001 0 eng |
| 010 |
|
|
|a 97031037
|
| 020 |
|
|
|a 019875163X
|
| 020 |
|
|
|a 0198751621
|
| 020 |
|
|
|a 9780198751632
|
| 040 |
|
|
|a DLC
|c DLC
|d DLC
|d BD-DhAAL
|
| 050 |
0 |
0 |
|a B1603.U873
|b M54 1998
|
| 082 |
0 |
0 |
|a 171/.5
|2 21
|
| 999 |
|
|
|c 14086
|d 14086
|
| 999 |
|
|
|c 14086
|
| 100 |
1 |
|
|a Mill, John Stuart,
|d 1806-1873.
|9 3514
|
| 245 |
1 |
0 |
|a Utilitarianism /
|c J.S. Mill ; edited by Roger Crisp.
|
| 260 |
|
|
|a Oxford ;
|a New York :
|b Oxford University Press,
|c 1998.[Reprinted 2011]
|
| 300 |
|
|
|a vii, 157 p. ;
|c 25 cm.
|
| 490 |
|
|
|a Oxford philosophical texts
|
| 504 |
|
|
|a Includes bibliographical references (p. 151-153) and index.
|
| 541 |
|
|
|e 27746
|
| 650 |
|
0 |
|a Utilitarianism.
|9 3515
|
| 700 |
1 |
|
|a Crisp, Roger,
|d 1961-
|9 3516
|
| 942 |
|
|
|2 ddc
|c BK
|
| 952 |
|
|
|0 0
|1 0
|2 ddc
|4 0
|6 171_500000000000000_MIL
|7 0
|9 23678
|a BRACUL
|b BRACUL
|c GEN
|d 2013-11-14
|e Karim International
|g 2470.00
|l 3
|m 31
|o 171.5 MIL
|p 3010027746
|r 2025-10-07
|s 2025-08-06
|t 1
|w 2013-11-14
|y BK
|